000 00899nam a22002057a 4500
003 OSt
005 20160620110332.0
008 140214b2005 els spa
040 _cBMC
082 _a332
100 1 _936002
_aPortillo Sandoval, Laura María
245 1 0 _aPasantía de asistente de gerencia general de DINFHA S.A. de C.V.
_b: Informe final
_cLaura María Portillo Sandoval
260 _aSanta Ana (El Salvador)
_bUniversidad Católica de Occidente
_c2005
300 _a1 v. (pág. var.)
_c27 cm
_e+ 1 disco compacto
500 _aPrecede al tít.: Universidad Católica de El Salvador, Facultad de Ciencias Empresariales
502 _aTrabajo de graduación para optar al grado académico de Licenciatura en Administración de Empresas
650 2 4 _95726
_aFinanzas
710 2 _91067
_aUniversidad Católica de El Salvador
_bFacultad de Ciencias Empresariales
942 _2ddc
_cTG
999 _c22273
_d22273